000 00555nam a22002297a 4500
003 UA-OsUOA
001 32977
007 ta
008 20050228b un ||||| |||| 00| 0 ukr d
090 _a031(477)
_bУ45
942 _cBK
040 _aUA-OsUOA
_brus
_cUA-OsUOA
_dUA-OsUOA
245 _aУкраїнський радянський енцоклопедичний словник
_bТом 1
300 _a852 С.
955 _a0
041 _arus
080 _a031(477)
260 _aК.
_c1966
044 _aRU
650 7 _2UDC
999 _c319433
_d319433